Angalada Neralu: Nalavattu Kavanagalu: (Record no. 231938)
[ view plain ]
| 000 -LEADER | |
|---|---|
| fixed length control field | 00759nam a22001937a 4500 |
| 005 - DATE AND TIME OF LATEST TRANSACTION | |
| control field | 20241119142235.0 |
| 008 - FIXED-LENGTH DATA ELEMENTS--GENERAL INFORMATION | |
| fixed length control field | 241119b ||||| |||| 00| 0 eng d |
| 040 ## - CATALOGING SOURCE | |
| Transcribing agency | AL |
| 041 ## - LANGUAGE CODE | |
| Language code of text/sound track or separate title | kan |
| 082 ## - DEWEY DECIMAL CLASSIFICATION NUMBER | |
| Edition number | 23 |
| Classification number | K894.1 |
| Item number | DIVA |
| 100 ## - MAIN ENTRY--PERSONAL NAME | |
| Personal name | U Divakara Rai: ಯು ದಿವಾಕರ ರೈ |
| 100 ## - MAIN ENTRY--PERSONAL NAME | |
| 9 (RLIN) | 185763 |
| 245 ## - TITLE STATEMENT | |
| Title | Angalada Neralu: Nalavattu Kavanagalu: |
| Remainder of title | ಅಂಗಳದ ನೆರಳು: ನಲವತ್ತು ಕವನಗಳು |
| 260 ## - PUBLICATION, DISTRIBUTION, ETC. | |
| Place of publication, distribution, etc. | Mangaluru |
| Name of publisher, distributor, etc. | St Aloysius College |
| Date of publication, distribution, etc. | 1993 |
| 300 ## - PHYSICAL DESCRIPTION | |
| Extent | x,53p. |
| Other physical details | PB |
| Dimensions | 21x14cm. |
| 650 ## - SUBJECT ADDED ENTRY--TOPICAL TERM | |
| Topical term or geographic name entry element | Kannada Poetry: ಕನ್ನಡ ಕವನ |
| 9 (RLIN) | 185721 |
| 650 ## - SUBJECT ADDED ENTRY--TOPICAL TERM | |
| Topical term or geographic name entry element | Kannada Literature: ಕನ್ನಡ ಸಾಹಿತ್ಯ |
| 9 (RLIN) | 185722 |
| 700 ## - ADDED ENTRY--PERSONAL NAME | |
| Personal name | DIVAKARA RAI (U): ದಿವಾಕರ ರೈ (ಯು) |
| 9 (RLIN) | 185723 |
| 942 ## - ADDED ENTRY ELEMENTS (KOHA) | |
| Source of classification or shelving scheme | Dewey Decimal Classification |
| Koha item type | Donated Books |
| Withdrawn status | Lost status | Source of classification or shelving scheme | Damaged status | Not for loan | Collection code | Home library | Current library | Date acquired | Total Checkouts | Full call number | Barcode | Date last seen | Price effective from | Koha item type |
|---|---|---|---|---|---|---|---|---|---|---|---|---|---|---|
| Dewey Decimal Classification | Rare Book | Kannada | St Aloysius Library | St Aloysius Library | 11/19/2024 | K894.1 DIVA | D06203 | 11/19/2024 | 11/19/2024 | Donated Books |